Desarrollo social, educación y cultura en Africa y América Latina. Memoria

保存先:
書誌詳細
フォーマット: 不明
出版事項: México D.F.: IMR
主題:
タグ: タグ追加
タグなし, このレコードへの初めてのタグを付けませんか!

MARC

LEADER 00000 a2200000 04500
001 19161
003
008 991231s d
040 |a CRAI/IIS  |c CRAI/IIS 
090 |a 145303  
245 |a Desarrollo social, educación y cultura en Africa y América Latina. Memoria  
260 |a México D.F.:   |b IMR  
300 |a 248 p.  
650 |a EDUCACION  
650 |a COSTO DE LA ENSEÑANZA  
650 |a POBREZA  
650 |a ALIVIO DE LA POBREZA  
999 |c 6681  |d 6681